Statistics for Countries by German Ancestry

Click here to take the quiz!

General Stats

  • This quiz has been taken 91 times
  • The average score is 25 of 30

Answer Stats

Total%Answer% Correct
395.0000.2%Russia
98%
3.200.0008.4%Canada
97%
170.0001.9%Austria
95%
15.000.0007.5%Brazil
95%
47.000.00014.2%United States
95%
4.500.00010.2%Argentina
94%
270.0000.3%United Kingdom
94%
73.0000.6%Belgium
92%
1.000.0001.5%France
92%
2.000.0001.5%Mexico
92%
145.0000.3%Poland
92%
600.0003.1%Chile
91%
250.0002.9%Switzerland
91%
350.0002.0%Netherlands
89%
370.00010.8%Uruguay
89%
290.0000.4%Italy
88%
160.0000.3%Colombia
86%
900.0003.6%Australia
84%
240.0000.7%Peru
84%
125.0000.4%Venezuela
84%
310.0004.3%Paraguay
83%
140.0000.3%Spain
81%
375.0003.2%Bolivia
80%
33.0000.3%Sweden
75%
1.200.0002.0%South Africa
70%
36.0000.6%Norway
67%
178.0001.8%Hungary
66%
66.0002.6%Namibia
50%
110.0001.2%Israel
41%
180.0000.9%Kazakhstan
36%

Score Distribution

Percentile by Number Answered

Percent of People with Each Score

Your Score History

You have not taken this quiz